000 01219cam a22003137a 4500
001 16010828
005 20251028194803.0
008 091207s2009 enka b 001 0 eng d
020 _a9780340967591
020 _a0340967595
050 0 0 _aQP90.4
_b.C49 2009
082 0 4 _a612
_222
100 1 _aClancy, John,
_cPGCE.
245 1 0 _aPhysiology and anatomy for nurses and healthcare practitioners :
_ba homeostatic approach /
_cJohn Clancy, Andrew J. McVicar
250 _a3rd ed.
260 _aLondon :
_bHodder Arnold,
_c2009
300 _a724 p. :
_bill. (some col.) ;
_c28 cm
650 0 _aHomeostasis.
650 0 _aHuman physiology.
650 0 _aHuman anatomy.
650 1 2 _aPhysiological Phenomena
_vNurses' Instruction.
650 2 2 _aAnatomy
_vNurses' Instruction.
650 2 2 _aHomeostasis
_vNurses' Instruction.
700 1 _aMcVicar, Andrew J.
856 4 2 _3Publisher description
_uhttp://www.loc.gov/catdir/enhancements/fy1108/2009288705-d.html
856 4 2 _3Contributor biographical information
_uhttp://www.loc.gov/catdir/enhancements/fy1302/2009288705-b.html
856 4 1 _3Table of contents only
_uhttp://www.loc.gov/catdir/enhancements/fy1305/2009288705-t.html
942 _2lcc
_cBK
_e3rd ed.
_n0
999 _c7880
_d7880